[Event "Andreikin - Nepomniachtchi (match)"]
[Site "Moscow RUS"]
[Date "2012.11.05"]
[Round "6"]
[White "Andreikin, D."]
[Black "Nepomniachtchi, I."]
[Result "1/2-1/2"]
[WhiteElo "2718"]
[BlackElo "2704"]
[PlyCount "83"]
[EventDate "2012.10.30"]

1. d4 d6 2. Nf3 f5 3. Nc3 Nf6 4. Bg5 e6 5. e4 fxe4 6. Nxe4 Be7 7. Bxf6 gxf6 8.
Bd3 d5 9. Ng3 Qd6 10. O-O Nc6 11. Nh4 Bd7 12. Qh5+ Kd8 13. c3 f5 14. Rfe1 Bf6
15. Nf3 Qf8 16. Ng5 Bxg5 17. Qxg5+ Ne7 18. Nh5 Rg8 19. Qf6 Qxf6 20. Nxf6 Rh8
21. Re3 h5 22. Rg3 Rh6 23. Ng8 Rg6 24. Nxe7 Rxg3 25. hxg3 Kxe7 26. f4 Rh8 27.
Be2 h4 28. gxh4 Rxh4 29. g3 Rh8 30. Kg2 a5 31. Rh1 Rxh1 32. Kxh1 b6 33. Kg2 c5
34. Kh3 Be8 35. Kh4 Kf6 36. a3 cxd4 37. cxd4 Ba4 38. Kh5 Bc2 39. Kh6 Bb1 40.
Kh7 Bc2 41. Kg8 Ke7 42. Kg7 1/2-1/2

[Event "Spanish League, Division of Honour"]
[Site "Leon ESP"]
[Date "2012.11.05"]
[Round "1"]
[White "Ponomariov, Ruslan"]
[Black "Iturrizaga, Eduardo"]
[Result "1/2-1/2"]
[WhiteElo "2741"]
[BlackElo "2656"]
[PlyCount "87"]
[EventDate "2012.11.05"]
[WhiteTeam "Gros Xake-Taldea"]
[BlackTeam "Equigoma Caja Social Catolica"]

1. e4 c5 2. Nf3 g6 3. d4 cxd4 4. Qxd4 Nf6 5. Nc3 Nc6 6. Qa4 d6 7. e5 dxe5 8.
Nxe5 Bd7 9. Nxd7 Qxd7 10. Be3 Bg7 11. Rd1 Qf5 12. Bd3 Qe5 13. O-O O-O 14. Rfe1
Rfd8 15. a3 e6 16. h3 Rd7 17. Bf1 Qc7 18. Bf4 Qb6 19. Qb5 Qxb5 20. Bxb5 Rad8
21. Rxd7 Rxd7 22. Na4 Bf8 23. c4 a6 24. Bxc6 bxc6 25. Be3 Rd3 26. Kf1 Nd7 27.
Ke2 Rb3 28. Rd1 Rb7 29. b4 Be7 30. f4 Kf8 31. Nb2 Ke8 32. Nd3 f6 33. g4 Rb8 34.
Rb1 a5 35. Kd2 axb4 36. axb4 e5 37. fxe5 Nxe5 38. c5 Nc4+ 39. Ke2 Ra8 40. Bf4
Ra2+ 41. Kf3 Ra3 42. Ke2 Ra2+ 43. Kf3 Ra3 44. Ke4 1/2-1/2

[Event "Spanish League, Division of Honour"]
[Site "Leon ESP"]
[Date "2012.11.05"]
[Round "1"]
[White "Dominguez Perez, Leinier"]
[Black "Cheparinov, Ivan"]
[Result "1-0"]
[WhiteElo "2726"]
[BlackElo "2710"]
[PlyCount "115"]
[EventDate "2012.11.05"]
[WhiteTeam "Sestao Naturgas Energia"]
[BlackTeam "Linex-Magic Extremadura"]

1. e4 e5 2. Nf3 Nc6 3. Bb5 Nf6 4. d3 Bc5 5. c3 O-O 6. O-O d6 7. h3 Ne7 8. d4
Bb6 9. Re1 Ng6 10. Bd3 Re8 11. Qc2 h6 12. Be3 c6 13. Nbd2 Bc7 14. Rad1 Nh5 15.
Bf1 Qf6 16. g3 Be6 17. Bg2 Qe7 18. Nb3 Rad8 19. c4 a5 20. d5 Bd7 21. dxc6 Bxc6
22. Nc1 Nf6 23. Nd2 h5 24. Ne2 h4 25. Nc3 hxg3 26. fxg3 Nh5 27. Kh2 Rc8 28. Nd5
Bxd5 29. exd5 Qd7 30. Rf1 b5 31. Ne4 Bd8 32. c5 dxc5 33. Nxc5 e4 34. Qf2 Rxc5
35. Bxc5 Re5 36. Be3 Bf6 37. g4 Ng3 38. Rfe1 Rxd5 39. Rxd5 Qxd5 40. Kg1 Be5 41.
b3 f5 42. Qd2 Qxd2 43. Bxd2 Bd4+ 44. Kh2 Be5 45. gxf5 Nh4 46. Kg1 Bd4+ 47. Be3
Bc3 48. Rd1 Ngxf5 49. Bf2 e3 50. Bxh4 Nxh4 51. Bd5+ Kf8 52. Kf1 Bd2 53. Ke2 Ke7
54. Be4 Kf6 55. Rg1 g6 56. Rg4 Nf5 57. Bxf5 gxf5 58. Rg8 1-0

[Event "Spanish League, Division of Honour"]
[Site "Leon ESP"]
[Date "2012.11.05"]
[Round "1"]
[White "Sargissian, Gabriel"]
[Black "Vachier-Lagrave, Maxime"]
[Result "0-1"]
[WhiteElo "2679"]
[BlackElo "2711"]
[PlyCount "122"]
[EventDate "2012.11.05"]
[WhiteTeam "Linex-Magic Extremadura"]
[BlackTeam "Sestao Naturgas Energia"]

1. d4 Nf6 2. c4 g6 3. g3 Bg7 4. Bg2 d5 5. cxd5 Nxd5 6. Nf3 Nb6 7. Nc3 Nc6 8. e3
O-O 9. O-O Re8 10. Re1 a5 11. Qe2 e5 12. dxe5 Nxe5 13. Nxe5 Bxe5 14. e4 Be6 15.
f4 Bxc3 16. bxc3 Bd5 17. Qf2 Bc6 18. Ba3 Nc4 19. Rad1 Qf6 20. Bc5 Rad8 21. Bd4
Qe6 22. f5 Qd6 23. g4 Ne5 24. Qf4 Rd7 25. f6 h6 26. Qxh6 Qxf6 27. Rf1 Qg7 28.
Qxg7+ Kxg7 29. h3 Bb5 30. c4 Ba4 31. Bxe5+ Rxe5 32. Rd5 Rde7 33. Kf2 b6 34.
Rxe5 Rxe5 35. Ke3 Bd7 36. Kd4 f6 37. Rb1 Kf7 38. a3 g5 39. Bf1 Re8 40. Bd3 Rh8
41. Bf1 Rb8 42. Ke3 Ke7 43. Rb2 c6 44. Kd4 Kd6 45. Rf2 c5+ 46. Ke3 Ke5 47. Rb2
Be6 48. Be2 Rh8 49. Bf1 Rd8 50. Rxb6 Rd1 51. Kf2 Ra1 52. Rc6 Rxa3 53. Rxc5+
Kxe4 54. Rc6 Ke5 55. Ra6 a4 56. c5 Bd5 57. Bb5 Rf3+ 58. Ke2 Rb3 59. Bd3 a3 60.
c6 Kd6 61. Kd2 a2 0-1

[Event "Spanish League, Division of Honour"]
[Site "Leon ESP"]
[Date "2012.11.05"]
[Round "1"]
[White "Giri, Anish"]
[Black "Svetushkin, Dmitry"]
[Result "1-0"]
[WhiteElo "2715"]
[BlackElo "2589"]
[PlyCount "55"]
[EventDate "2012.11.05"]
[WhiteTeam "Sestao Naturgas Energia"]
[BlackTeam "Linex-Magic Extremadura"]

1. e4 e5 2. Nf3 Nc6 3. d4 exd4 4. Nxd4 Bc5 5. Nb3 Bb6 6. Nc3 Nge7 7. Bg5 d6 8.
Qd2 Be6 9. O-O-O Qd7 10. Kb1 O-O-O 11. Bb5 f6 12. Be3 Qe8 13. Nd5 Bd7 14. Rhe1
Ne5 15. Bf1 Nxd5 16. exd5 g5 17. Bxb6 axb6 18. Re4 Qg6 19. Rb4 Rde8 20. a4 Re7
21. Qc3 Ng4 22. a5 Nxf2 23. axb6 c5 24. dxc6 Bxc6 25. Rxd6 Ne4 26. Rxc6+ Kb8
27. Qd3 bxc6 28. Ra4 1-0

[Event "Spanish League, Division of Honour"]
[Site "Leon ESP"]
[Date "2012.11.05"]
[Round "1"]
[White "Ter-Sahakyan, Samvel"]
[Black "Fressinet, Laurent"]
[Result "1/2-1/2"]
[WhiteElo "2580"]
[BlackElo "2703"]
[PlyCount "84"]
[EventDate "2012.11.05"]
[WhiteTeam "Linex-Magic Extremadura"]
[BlackTeam "Sestao Naturgas Energia"]

1. e4 e5 2. Nf3 Nc6 3. Bb5 a6 4. Ba4 Nf6 5. O-O Be7 6. Re1 b5 7. Bb3 O-O 8. a4
b4 9. d3 d6 10. Nbd2 Be6 11. Bxe6 fxe6 12. c3 Rb8 13. Qe2 Nh5 14. Nf1 Qe8 15.
d4 bxc3 16. bxc3 exd4 17. Nxd4 Nxd4 18. cxd4 Qf7 19. Be3 Nf4 20. Qc2 c5 21.
dxc5 dxc5 22. Rad1 Qf6 23. Rd2 c4 24. Qxc4 Bb4 25. e5 Qxe5 26. Bxf4 Qxe1 27.
Re2 Qxe2 28. Qxe2 Rxf4 29. g3 Rf6 30. Qxa6 Bc5 31. Ne3 Bxe3 32. fxe3 Rb1+ 33.
Kg2 Rb2+ 34. Kh3 h5 35. Qa8+ Kh7 36. g4 hxg4+ 37. Kxg4 Rxh2 38. Qe4+ Rg6+ 39.
Kf3 Rh5 40. Ke2 Rd5 41. Qb1 Kh6 42. Qh1+ Rh5 1/2-1/2

[Event "Spanish League, Division of Honour"]
[Site "Leon ESP"]
[Date "2012.11.08"]
[Round "4"]
[White "Iturrizaga, Eduardo"]
[Black "Cheparinov, Ivan"]
[Result "1/2-1/2"]
[WhiteElo "2656"]
[BlackElo "2710"]
[PlyCount "60"]
[EventDate "2012.11.05"]
[WhiteTeam "Equigoma Caja Social Catolica"]
[BlackTeam "Linex-Magic Extremadura"]

1. Nf3 Nf6 2. c4 g6 3. Nc3 d5 4. cxd5 Nxd5 5. Qb3 Nb6 6. d4 Bg7 7. Bf4 Be6 8.
Qa3 Nc6 9. e3 a5 10. Bb5 O-O 11. Bxc6 bxc6 12. Qc5 Nd5 13. Be5 Nxc3 14. Qxc3
Bd5 15. Bxg7 Kxg7 16. O-O Bxf3 17. gxf3 Qd5 18. Rfc1 Qxf3 19. Qxc6 Qg4+ 20. Qg2
Qxg2+ 21. Kxg2 Rfb8 22. b3 a4 23. bxa4 Rxa4 24. Rxc7 e6 25. Rc2 Rba8 26. Kf3
R8a5 27. Rb2 Rh5 28. Kg3 Rg5+ 29. Kf3 Rh5 30. Kg3 Rg5+ 1/2-1/2

[Event "Spanish League, Division of Honour"]
[Site "Leon ESP"]
[Date "2012.11.08"]
[Round "4"]
[White "Marin, Mihail"]
[Black "Dominguez Perez, Leinier"]
[Result "1/2-1/2"]
[WhiteElo "2547"]
[BlackElo "2726"]
[PlyCount "61"]
[EventDate "2012.11.05"]
[WhiteTeam "C.E. Foment Martinenc"]
[BlackTeam "Sestao Naturgas Energia"]

1. d4 Nf6 2. Nf3 g6 3. g3 Bg7 4. Bg2 c5 5. O-O cxd4 6. Nxd4 d5 7. c4 O-O 8.
cxd5 Nxd5 9. Nb5 Be6 10. Bxd5 Bxd5 11. N1c3 e6 12. Be3 a6 13. Nxd5 axb5 14. Nb6
Ra6 15. a4 bxa4 16. Nxa4 Nc6 17. Qxd8 Rxd8 18. Nc5 Rxa1 19. Rxa1 Bxb2 20. Ra2
Bd4 21. Bxd4 Nxd4 22. Nxb7 Rd5 23. Kg2 Nb5 24. Ra5 Nc3 25. Rxd5 Nxd5 26. Nd6
Kf8 27. e4 Nb4 28. f4 Ke7 29. e5 h5 30. Ne4 Nc2 31. Kf2 1/2-1/2

[Event "Spanish League, Division of Honour"]
[Site "Leon ESP"]
[Date "2012.11.08"]
[Round "4"]
[White "Vachier-Lagrave, Maxime"]
[Black "Jerez Perez, Alfonso"]
[Result "1-0"]
[WhiteElo "2711"]
[BlackElo "2411"]
[PlyCount "63"]
[EventDate "2012.11.05"]
[WhiteTeam "Sestao Naturgas Energia"]
[BlackTeam "C.E. Foment Martinenc"]

1. e4 c6 2. d4 d5 3. e5 c5 4. Ne2 Nc6 5. c3 cxd4 6. cxd4 Bf5 7. Nbc3 e6 8. Ng3
Bg6 9. Be3 Nge7 10. h4 h6 11. h5 Bh7 12. Bd3 Bxd3 13. Qxd3 Qd7 14. Nce2 Rc8 15.
O-O Nb4 16. Qb3 Nec6 17. Rac1 Be7 18. f4 O-O 19. f5 Na5 20. Qd1 Nc4 21. Bxh6
gxh6 22. f6 Kh7 23. fxe7 Qxe7 24. Rc3 Qg5 25. Rf6 Nxb2 26. Qb1+ N4d3 27. Rxd3
Nxd3 28. Qxd3+ Kg7 29. Nf4 Rc1+ 30. Kh2 Qh4+ 31. Nh3 Rfc8 32. Qe3 1-0

[Event "Spanish League, Division of Honour"]
[Site "Leon ESP"]
[Date "2012.11.08"]
[Round "4"]
[White "Valdes, Leonardo"]
[Black "Fressinet, Laurent"]
[Result "1/2-1/2"]
[WhiteElo "2414"]
[BlackElo "2703"]
[PlyCount "110"]
[EventDate "2012.11.05"]
[WhiteTeam "C.E. Foment Martinenc"]
[BlackTeam "Sestao Naturgas Energia"]

1. Nf3 g6 2. g3 Bg7 3. d4 c5 4. c3 Qa5 5. Nbd2 cxd4 6. Nb3 Qb6 7. cxd4 Nf6 8.
Bg2 O-O 9. O-O d6 10. d5 Nbd7 11. h3 a5 12. a4 Nc5 13. Nxc5 Qxc5 14. Nd4 Bd7
15. e3 Rfc8 16. Bd2 Qc4 17. Re1 Rc5 18. Qb1 Qa6 19. e4 Qb6 20. Be3 Qd8 21. Qd3
Rcc8 22. f4 Be8 23. b3 Nd7 24. Rab1 Nc5 25. Qd2 Qb6 26. Bf2 Qb4 27. Qxb4 axb4
28. Red1 Bd7 29. Be1 Na6 30. Bf1 Rc7 31. Kf2 Rac8 32. Bxa6 bxa6 33. Bxb4 Rb7
34. Ba5 Rc5 35. Nc6 Bxh3 36. b4 Rc2+ 37. Ke3 Bg4 38. Rd2 Rc4 39. Bd8 Kf8 40.
Rb3 Ke8 41. Ba5 Bd7 42. Kd3 Rc1 43. Rc2 Rd1+ 44. Ke3 Ra1 45. Nd8 Rb8 46. Nc6
Rb7 47. Nd8 Rb8 48. Nc6 Rb7 49. Kd3 Rb8 50. b5 Ra8 51. b6 Ra2 52. b7 Rb8 53.
Rxa2 Ra8 54. Nb8 Rxb8 55. Rc2 Ra8 1/2-1/2

[Event "Spanish League, Division of Honour"]
[Site "Leon ESP"]
[Date "2012.11.06"]
[Round "2"]
[White "Mchedlishvili, Mikheil"]
[Black "Dominguez Perez, Leinier"]
[Result "0-1"]
[WhiteElo "2639"]
[BlackElo "2726"]
[PlyCount "92"]
[EventDate "2012.11.05"]
[WhiteTeam "C.A. Reverte Albox"]
[BlackTeam "Sestao Naturgas Energia"]

1. Nf3 c5 2. c4 Nc6 3. Nc3 g6 4. e3 Nf6 5. d4 cxd4 6. exd4 d5 7. Bg5 Be6 8.
Bxf6 exf6 9. c5 a6 10. Be2 Bg7 11. O-O O-O 12. a3 f5 13. Qd2 h6 14. Rad1 g5 15.
Rfe1 g4 16. Ne5 Nxe5 17. dxe5 d4 18. Qxd4 Qxd4 19. Rxd4 Bxe5 20. Rb4 Bxc3 21.
bxc3 Rfc8 22. Rxb7 Rxc5 23. Rc1 Rac8 24. Bxa6 Rxc3 25. Rxc3 Rxc3 26. Rb1 Rxa3
27. Bf1 Kg7 28. h3 h5 29. g3 gxh3 30. Bxh3 h4 31. Kh2 hxg3+ 32. fxg3 f4 33. g4
Kg6 34. Rb2 Rc3 35. Re2 Rc5 36. Rd2 Kg5 37. Bg2 Rc3 38. Kg1 Kxg4 39. Kf2 Bf5
40. Rb2 Bg6 41. Ra2 Bc2 42. Rb2 f5 43. Rb4 Be4 44. Rb2 f3 45. Bf1 Kf4 46. Ra2
Rc8 0-1

[Event "Spanish League, Division of Honour"]
[Site "Leon ESP"]
[Date "2012.11.06"]
[Round "2"]
[White "Vachier-Lagrave, Maxime"]
[Black "Shimanov, Aleksandr"]
[Result "1/2-1/2"]
[WhiteElo "2711"]
[BlackElo "2597"]
[PlyCount "61"]
[EventDate "2012.11.05"]
[WhiteTeam "Sestao Naturgas Energia"]
[BlackTeam "C.A. Reverte Albox"]

1. c4 g6 2. Nf3 Bg7 3. d4 Nf6 4. g3 O-O 5. Bg2 c5 6. O-O cxd4 7. Nxd4 d5 8.
cxd5 Nxd5 9. Nb5 Be6 10. Bxd5 Bxd5 11. N1c3 Bxc3 12. Nxc3 Be6 13. Qa4 Nc6 14.
Bh6 Re8 15. Rfd1 Qb6 16. Rd2 Qa5 17. Qxa5 Nxa5 18. Nb5 Rac8 19. b3 Nc6 20. Rad1
a6 21. Nd4 Nxd4 22. Rxd4 f6 23. f3 Rc2 24. R4d2 Rxd2 25. Bxd2 Rc8 26. Rc1 Rxc1+
27. Bxc1 Kf7 28. Kf2 Bd7 29. e4 e5 30. Ke3 Ke6 31. Bb2 1/2-1/2

[Event "Spanish League, Division of Honour"]
[Site "Leon ESP"]
[Date "2012.11.06"]
[Round "2"]
[White "Ivanov, Sergey"]
[Black "Giri, Anish"]
[Result "1/2-1/2"]
[WhiteElo "2542"]
[BlackElo "2715"]
[PlyCount "40"]
[EventDate "2012.11.05"]
[WhiteTeam "C.A. Reverte Albox"]
[BlackTeam "Sestao Naturgas Energia"]

1. d4 Nf6 2. c4 g6 3. Nc3 d5 4. cxd5 Nxd5 5. e4 Nxc3 6. bxc3 Bg7 7. Nf3 c5 8.
Be3 Qa5 9. Bd2 O-O 10. Be2 Bg4 11. O-O Rd8 12. Rb1 cxd4 13. cxd4 Qxa2 14. Ra1
Qb2 15. Rb1 Qa2 16. Ra1 Qb2 17. Rb1 Qa2 18. Ra1 Qb2 19. Rb1 Qa2 20. Ra1 Qb2
1/2-1/2

[Event "Spanish League, Division of Honour"]
[Site "Leon ESP"]
[Date "2012.11.06"]
[Round "2"]
[White "Marin, Mihail"]
[Black "Ponomariov, Ruslan"]
[Result "1/2-1/2"]
[WhiteElo "2547"]
[BlackElo "2741"]
[PlyCount "82"]
[EventDate "2012.11.05"]
[WhiteTeam "C.E. Foment Martinenc"]
[BlackTeam "Gros Xake-Taldea"]

1. d4 g6 2. Nf3 Bg7 3. e4 d6 4. c3 Nf6 5. Bd3 O-O 6. O-O Nc6 7. Bg5 h6 8. Bh4
e5 9. Na3 Bg4 10. Nc2 Qe8 11. Re1 exd4 12. cxd4 Nd7 13. Rc1 Rc8 14. Bb5 Bxf3
15. gxf3 a6 16. Bf1 Nd8 17. f4 c5 18. d5 Bxb2 19. Rb1 Bg7 20. Bh3 f6 21. a4 Rc7
22. Bg3 Qe7 23. Ne3 c4 24. Be6+ Kh8 25. f5 g5 26. Qe2 c3 27. Rec1 Nf7 28. Nc4
Nfe5 29. Rxc3 Nc5 30. a5 Na4 31. Bxe5 fxe5 32. Rc2 Rd8 33. Rbc1 Nc5 34. Qe3 Bf8
35. Nb6 Qe8 36. Qe2 Rg7 37. Rb1 g4 38. f6 Rg6 39. Bf5 Rg5 40. Kh1 Qf7 41. Bxg4
Qxf6 1/2-1/2

[Event "Spanish League, Division of Honour"]
[Site "Leon ESP"]
[Date "2012.11.07"]
[Round "3"]
[White "Ponomariov, Ruslan"]
[Black "Alsina Leal, Daniel"]
[Result "1-0"]
[WhiteElo "2741"]
[BlackElo "2536"]
[PlyCount "81"]
[EventDate "2012.11.05"]
[WhiteTeam "Gros Xake-Taldea"]
[BlackTeam "C.E. Barcelona Uga"]

1. e4 c5 2. Nf3 Nc6 3. Bb5 Nf6 4. Bxc6 dxc6 5. d3 Bg4 6. h3 Bh5 7. Nc3 Nd7 8.
g4 Bg6 9. Bf4 h5 10. Rg1 hxg4 11. hxg4 Qb6 12. Qd2 e6 13. O-O-O O-O-O 14. Qe3
Be7 15. Bg3 Bf6 16. e5 Be7 17. Nd2 Qa6 18. Nc4 Nb6 19. Nd6+ Bxd6 20. exd6 Nd7
21. Rh1 Rde8 22. a3 Qa5 23. Ne4 f6 24. f4 e5 25. Rxh8 Rxh8 26. fxe5 fxe5 27.
Nd2 Qd8 28. Nf3 Qf6 29. Nxe5 Re8 30. Re1 Qe6 31. Qg5 Nxe5 32. Rxe5 Qf6 33.
Rxe8+ Bxe8 34. Qxc5 Qf1+ 35. Kd2 Qg2+ 36. Kc3 Qf3 37. Qxa7 Qxg3 38. Qa8+ Kd7
39. Qxb7+ Ke6 40. Qe7+ Kd5 41. Qxe8 1-0

[Event "Spanish League, Division of Honour"]
[Site "Leon ESP"]
[Date "2012.11.07"]
[Round "3"]
[White "Dominguez Perez, Leinier"]
[Black "Iturrizaga, Eduardo"]
[Result "1/2-1/2"]
[WhiteElo "2726"]
[BlackElo "2656"]
[PlyCount "81"]
[EventDate "2012.11.05"]
[WhiteTeam "Sestao Naturgas Energia"]
[BlackTeam "Equigoma Caja Social Catolica"]

1. e4 c5 2. Nf3 e6 3. d4 cxd4 4. Nxd4 Nc6 5. Nc3 Qc7 6. Be3 a6 7. Qd2 Nf6 8.
O-O-O Bb4 9. f3 O-O 10. Kb1 d5 11. Nxc6 Qxc6 12. Bd4 dxe4 13. Qg5 h6 14. Qh4
Bxc3 15. Bxc3 e5 16. Bxe5 Bf5 17. Bxf6 Qxf6 18. Qxf6 gxf6 19. fxe4 Bxe4 20. Bd3
Rfe8 21. Kc1 Bxd3 22. Rxd3 Re2 23. Rd2 Rae8 24. c4 Kg7 25. Rf1 R2e4 26. b3 R8e5
27. Rff2 b5 28. Rc2 bxc4 29. Rxc4 f5 30. Rc6 a5 31. Kb2 h5 32. Ka3 h4 33. h3
Rd5 34. Rfc2 f4 35. R6c4 f5 36. Rc6 Rde5 37. Kb2 Re3 38. Rd6 Re2 39. Rdd2 Rxd2
40. Rxd2 Kf6 41. Rf2 1/2-1/2

[Event "Spanish League, Division of Honour"]
[Site "Leon ESP"]
[Date "2012.11.07"]
[Round "3"]
[White "Kovalyov, Anton"]
[Black "Giri, Anish"]
[Result "1/2-1/2"]
[WhiteElo "2596"]
[BlackElo "2715"]
[PlyCount "138"]
[EventDate "2012.11.05"]
[WhiteTeam "Equigoma Caja Social Catolica"]
[BlackTeam "Sestao Naturgas Energia"]

1. c4 g6 2. Nf3 Bg7 3. d4 Nf6 4. Nc3 d5 5. e3 O-O 6. Qb3 e6 7. Bd2 b6 8. Rd1 c5
9. cxd5 exd5 10. Qa3 a5 11. dxc5 bxc5 12. Qxc5 Na6 13. Qa3 Nb4 14. Qb3 Bf5 15.
Nd4 Nd3+ 16. Bxd3 Bxd3 17. Bc1 Bc4 18. Qc2 Rc8 19. f3 Nd7 20. Kf2 Qh4+ 21. Kg1
Ne5 22. h3 Rfe8 23. f4 Nd7 24. Kh2 Nc5 25. Nf3 Qf6 26. Nxd5 Qa6 27. Nc3 Nd3 28.
Nd4 Nxc1 29. Qxc1 Bxa2 30. Qd2 Bc4 31. Rhe1 Rcd8 32. Ra1 Qb6 33. Qf2 Ba6 34.
Rad1 Bb7 35. Rd2 Rd7 36. Ra1 Red8 37. Rad1 Ba8 38. Ndb5 Rxd2 39. Rxd2 Rxd2 40.
Qxd2 h5 41. Nd4 Qb4 42. Nb1 Qb7 43. Nc3 Qb4 44. Nb1 Qb8 45. Kg1 a4 46. Nc3 Qb4
47. Ne4 Qe7 48. Nc3 Qb4 49. Nb1 Qc4 50. Nc3 Bf6 51. Qe2 Qxe2 52. Ncxe2 Be7 53.
Nc3 a3 54. bxa3 Bxa3 55. Kf2 Bb4 56. Nce2 Bd5 57. g4 hxg4 58. hxg4 f6 59. Nf3
Kf7 60. g5 Bc5 61. Nc3 Bb7 62. gxf6 Kxf6 63. Ne5 Bb4 64. Ne2 g5 65. Nd3 Bd6 66.
Nd4 gxf4 67. exf4 Ba6 68. Ne5 Bxe5 69. fxe5+ Kxe5 1/2-1/2

[Event "Spanish League, Division of Honour"]
[Site "Leon ESP"]
[Date "2012.11.07"]
[Round "3"]
[White "Fressinet, Laurent"]
[Black "Fier, Alexandr"]
[Result "1-0"]
[WhiteElo "2703"]
[BlackElo "2567"]
[PlyCount "99"]
[EventDate "2012.11.05"]
[WhiteTeam "Sestao Naturgas Energia"]
[BlackTeam "Equigoma Caja Social Catolica"]

1. d4 Nf6 2. Nf3 g6 3. c4 Bg7 4. g3 O-O 5. Bg2 d6 6. O-O Nc6 7. Nc3 a6 8. Re1
Rb8 9. Rb1 Re8 10. h3 Na5 11. Qa4 b6 12. e4 Bd7 13. Qd1 e5 14. dxe5 dxe5 15. b3
Qc8 16. Kh2 c5 17. Bg5 Nc6 18. Rc1 h6 19. Bxf6 Bxf6 20. Nd5 Bg7 21. Qd2 Be6 22.
Red1 Qb7 23. Ne1 Rbd8 24. Nd3 Qb8 25. b4 Qd6 26. Rb1 Bxd5 27. bxc5 bxc5 28.
cxd5 Nd4 29. Rdc1 Rc8 30. Nb2 Rb8 31. Nc4 Qf6 32. Kg1 Rb4 33. Rxb4 cxb4 34. Na5
Qb6 35. Nc6 a5 36. Rc4 Ra8 37. Qd3 Kh7 38. h4 Nxc6 39. dxc6 a4 40. c7 Rc8 41.
Qd7 b3 42. axb3 axb3 43. Qxc8 b2 44. Qg4 b1=Q+ 45. Bf1 Qa2 46. Qe2 Qab3 47. Kg2
f5 48. c8=Q f4 49. Rc3 Qf7 50. Qec4 1-0

[Event "Spanish League, Division of Honour"]
[Site "Leon ESP"]
[Date "2012.11.07"]
[Round "3"]
[White "Cheparinov, Ivan"]
[Black "Mchedlishvili, Mikheil"]
[Result "1-0"]
[WhiteElo "2710"]
[BlackElo "2639"]
[PlyCount "57"]
[EventDate "2012.11.05"]
[WhiteTeam "Linex-Magic Extremadura"]
[BlackTeam "C.A. Reverte Albox"]

1. d4 Nf6 2. c4 e6 3. Nf3 Bb4+ 4. Nbd2 O-O 5. a3 Be7 6. e4 d5 7. e5 Nfd7 8. Bd3
c5 9. h4 g6 10. h5 cxd4 11. Qc2 Nc5 12. Bf1 d3 13. Bxd3 Nxd3+ 14. Qxd3 dxc4 15.
Qe3 g5 16. Ne4 h6 17. Nfxg5 hxg5 18. Qg3 Kh8 19. Bxg5 Bxg5 20. Nxg5 Nc6 21. Rd1
Qc7 22. f4 Rg8 23. Qe3 b5 24. Rd6 Bb7 25. f5 Qe7 26. Ne4 Qf8 27. fxe6 Nxe5 28.
e7 Nd3+ 29. Kf1 1-0

[Event "Spanish League, Division of Honour"]
[Site "Leon ESP"]
[Date "2012.11.08"]
[Round "4"]
[White "Ponomariov, Ruslan"]
[Black "Harikrishna, Pentala"]
[Result "1/2-1/2"]
[WhiteElo "2741"]
[BlackElo "2692"]
[PlyCount "101"]
[EventDate "2012.11.05"]
[WhiteTeam "Gros Xake-Taldea"]
[BlackTeam "C.A. Solvay"]

1. e4 e5 2. Nf3 Nc6 3. Bb5 a6 4. Ba4 Nf6 5. O-O Be7 6. Re1 b5 7. Bb3 d6 8. c3
O-O 9. a4 b4 10. d3 Rb8 11. Nbd2 Na5 12. Ba2 Be6 13. Bxe6 fxe6 14. d4 bxc3 15.
bxc3 exd4 16. cxd4 d5 17. exd5 exd5 18. Qe2 Bb4 19. Qxa6 Re8 20. Rxe8+ Qxe8 21.
Qd3 Bd6 22. g3 c5 23. dxc5 Bxc5 24. Ba3 Qxa4 25. Bb2 Qb5 26. Qf5 Qd7 27. Qxd7
Nxd7 28. Bxg7 Nb3 29. Nxb3 Rxb3 30. Nd2 Rd3 31. Bh6 Ne5 32. Rc1 Bd4 33. Kf1 Ng4
34. Ke2 Ra3 35. Rc8+ Kf7 36. Rf8+ Ke6 37. Bg5 h6 38. Bf4 Nxf2 39. Bxh6 Ng4 40.
Rf4 Re3+ 41. Kd1 Nxh2 42. Rxd4 Rxg3 43. Rf4 Ng4 44. Bf8 Ne5 45. Rf2 d4 46. Ne4
Rg1+ 47. Kc2 Kd5 48. Nd2 Rc1+ 49. Kxc1 Nd3+ 50. Kc2 Nxf2 51. Bg7 1/2-1/2

[Event "Spanish League, Division of Honour"]
[Site "Leon ESP"]
[Date "2012.11.09"]
[Round "5"]
[White "Van Wely, Loek"]
[Black "Vachier-Lagrave, Maxime"]
[Result "1/2-1/2"]
[WhiteElo "2691"]
[BlackElo "2711"]
[PlyCount "83"]
[EventDate "2012.11.05"]
[WhiteTeam "Gros Xake-Taldea"]
[BlackTeam "Sestao Naturgas Energia"]

1. Nf3 c5 2. c4 Nc6 3. Nc3 e5 4. g3 g6 5. Bg2 Bg7 6. d3 Nge7 7. O-O d6 8. a3 a5
9. Rb1 O-O 10. Ne1 Be6 11. Bg5 f6 12. Bd2 Rf7 13. Nc2 d5 14. cxd5 Nxd5 15. Ne3
Nxe3 16. Bxe3 Nd4 17. b4 axb4 18. axb4 c4 19. Ne4 Bf8 20. dxc4 Bxc4 21. Bxd4
Qxd4 22. Qxd4 exd4 23. Rfd1 Bxe2 24. Rxd4 Rc8 25. Re1 Rc2 26. Rd2 Rxd2 27. Nxd2
Re7 28. Ne4 Bd3 29. Nxf6+ Kg7 30. Ne8+ Kh6 31. Rxe7 Bxe7 32. Bxb7 Bxb4 33. Nf6
Kg7 34. Nd5 Bd6 35. Ne3 Bc5 36. Kg2 Be2 37. Be4 Ba7 38. h4 Bc5 39. Nd5 Bd6 40.
f4 h6 41. Kf2 Bg4 42. Bf3 1/2-1/2

[Event "Spanish League, Division of Honour"]
[Site "Leon ESP"]
[Date "2012.11.09"]
[Round "5"]
[White "Giri, Anish"]
[Black "Bauer, Christian"]
[Result "1-0"]
[WhiteElo "2715"]
[BlackElo "2639"]
[PlyCount "97"]
[EventDate "2012.11.05"]
[WhiteTeam "Sestao Naturgas Energia"]
[BlackTeam "Gros Xake-Taldea"]

1. d4 e6 2. Nf3 c5 3. e4 cxd4 4. Nxd4 Nc6 5. Nc3 Qc7 6. Be3 Nf6 7. f4 Bb4 8.
Ndb5 Qa5 9. e5 Nd5 10. Bd2 Nxc3 11. Bxc3 O-O 12. Qd2 f6 13. exf6 Rxf6 14. g3 d5
15. Bxb4 Nxb4 16. Nd4 Qb6 17. c3 Nc6 18. O-O-O Bd7 19. Be2 Be8 20. Bg4 Nxd4 21.
Qxd4 Qxd4 22. Rxd4 Bg6 23. Bf3 Bf7 24. Rd3 h6 25. Re1 Rc8 26. Re5 Rc4 27. b3
Rc7 28. Kd2 Kf8 29. h4 Be8 30. Rd4 Bc6 31. a4 Rd7 32. g4 Rdf7 33. Ke3 Ke7 34.
c4 dxc4 35. Bxc6 bxc6 36. bxc4 Kf8 37. g5 hxg5 38. hxg5 Rf5 39. Rxe6 Re7 40.
Rde4 Rxe6 41. Rxe6 Ra5 42. Rxc6 Rxa4 43. f5 Ra1 44. Rc8+ Ke7 45. Rc7+ Kf8 46.
c5 Rc1 47. g6 a5 48. Rf7+ Kg8 49. Ke4 1-0

[Event "Spanish League, Division of Honour"]
[Site "Leon ESP"]
[Date "2012.11.09"]
[Round "5"]
[White "Cheparinov, Ivan"]
[Black "Marin, Mihail"]
[Result "1/2-1/2"]
[WhiteElo "2710"]
[BlackElo "2547"]
[PlyCount "61"]
[EventDate "2012.11.05"]
[WhiteTeam "Linex-Magic Extremadura"]
[BlackTeam "C.E. Foment Martinenc"]

1. d4 e6 2. c4 Nf6 3. Nf3 Bb4+ 4. Nbd2 d5 5. Qa4+ Nc6 6. a3 Be7 7. e3 a5 8. b4
O-O 9. Bd3 dxc4 10. Bxc4 Nd5 11. b5 Nb6 12. Qc2 Nxc4 13. Nxc4 Na7 14. a4 b6 15.
Nce5 Bb7 16. Ba3 f6 17. Nd3 Bxa3 18. Rxa3 Qd6 19. Rb3 Bd5 20. Rb2 c6 21. bxc6
Nxc6 22. O-O Rac8 23. Qb1 e5 24. dxe5 fxe5 25. Nd2 Rfd8 26. f3 Bf7 27. Nf2 Nb4
28. Nde4 Qe7 29. Rd1 Be8 30. Rxd8 Rxd8 31. Qa1 1/2-1/2